[Event "16. Sombor open"]
[Site "?"]
[Date "2024.04.17"]
[Round "8.2"]
[White "Beslin, Igor"]
[Black "Matkovic, Simana"]
[Result "1/2-1/2"]
[WhiteElo "1954"]
[BlackElo "1948"]
[PlyCount "201"]
[EventDate "2024.04.01"]

1. e4 c5 2. Nf3 d6 3. d4 cxd4 4. Nxd4 Nf6 5. Nc3 a6 6. Be3 e5 7. Nb3 Be6 8. Be2
Nbd7 9. O-O Rc8 10. f3 Nb6 11. Qc1 Nc4 12. Bxc4 Rxc4 13. Rd1 Be7 14. Nd5 Nxd5
15. exd5 Bf5 16. c3 O-O 17. a4 Bd7 18. a5 f5 19. Nd2 Rc8 20. c4 Qe8 21. b4 Qg6
22. Kh1 f4 23. Bf2 Bf5 24. Re1 Bd3 25. Ra3 Bf6 26. c5 Rfd8 27. Ne4 Bb5 28. Qd2
Be7 29. Rc3 Bf8 30. cxd6 Bxd6 31. Nc5 Re8 32. Rcc1 Qf7 33. Ne4 Rcd8 34. Bc5
Bxc5 35. Rxc5 Rd7 36. Rd1 Red8 37. Nc3 Bc6 38. h3 h6 39. Qe2 Bxd5 40. Qxe5 Bc6
41. Re1 Rd2 42. Ne4 Rd1 43. Rc1 R1d5 44. Qb2 Qg6 45. Qb3 Kh8 46. Re2 Rd3 47.
Qc2 R3d4 48. Nc5 Qxc2 49. Rexc2 Rxb4 50. Nxa6 Ra4 51. Nc5 Rxa5 52. Ne6 Rda8 53.
Nxf4 Ra1 54. Kh2 Rxc1 55. Rxc1 Ra2 56. Kg3 Kh7 57. h4 Ra5 58. h5 Re5 59. Rc3
Be8 60. Kh4 Rf5 61. g3 Bc6 62. Kg4 Bd7 63. Kh4 Bc6 64. Kg4 Rg5+ 65. Kh4 Rf5 66.
Kg4 Re5 67. Rd3 b5 68. Ng6 Rg5+ 69. Kh4 Be8 70. Nf4 b4 71. g4 Re5 72. Kg3 g6
73. hxg6+ Kg7 74. Rb3 Rb5 75. Ne6+ Kxg6 76. Nc7 Bf7 77. Rb2 Rb6 78. f4 b3 79.
Kf3 Bc4 80. Ke3 Rb7 81. f5+ Kg5 82. Ne6+ Bxe6 83. fxe6 Kxg4 84. Ke4 Kg5 85. Ke5
Rb5+ 86. Kd6 Rb6+ 87. Kd7 Rb7+ 88. Kc6 Re7 89. Kd6 Rb7 90. e7 Rb8 91. Kd7 h5
92. Rxb3 Rh8 93. Rf3 Rh7 94. Ke6 Rxe7+ 95. Kxe7 Kg4 96. Rf8 h4 97. Rg8+ Kf3 98.
Kf6 h3 99. Kf5 h2 100. Rh8 Kg2 101. Rxh2+ 1/2-1/2

[Event "16. Sombor open"]
[Site "?"]
[Date "2024.04.17"]
[Round "8.3"]
[White "Novakovic, Aleksandar"]
[Black "Lalic, Miroslav"]
[Result "1/2-1/2"]
[WhiteElo "1981"]
[BlackElo "1945"]
[PlyCount "123"]
[EventDate "2024.04.01"]

1. e4 e5 2. Nf3 Nc6 3. Bb5 a6 4. Ba4 d6 5. O-O Be7 6. c3 Bg4 7. Re1 b5 8. Bb3
Nf6 9. d3 Na5 10. Bc2 c5 11. h3 Bh5 12. Nbd2 Nc6 13. Nf1 Nd7 14. Ng3 Bg6 15. a4
h6 16. Bb3 Nb6 17. axb5 axb5 18. Rxa8 Qxa8 19. d4 c4 20. Bc2 O-O 21. h4 exd4
22. Nxd4 Bxh4 23. Qg4 Bf6 24. Nxc6 Qxc6 25. f4 h5 26. Nxh5 Bxh5 27. Qxh5 Qc5+
28. Qxc5 dxc5 29. Be3 Rc8 30. Ra1 b4 31. e5 Be7 32. cxb4 Nd5 33. Bf5 Rb8 34.
Bxc5 Bxc5+ 35. bxc5 g6 36. Be4 Nxf4 37. Ra4 Ne2+ 38. Kf2 Rxb2 39. Rxc4 Nd4+ 40.
Ke3 Ne6 41. c6 Rb3+ 42. Kd2 Rb8 43. Kc3 Rc8 44. Kb4 Kf8 45. Ka5 Ke7 46. Kb6 Kd8
47. Rc1 Rb8+ 48. Ka5 Kc7 49. Rf1 Nd8 50. Bd5 Nxc6+ 51. Bxc6 Kxc6 52. Rxf7 Rb5+
53. Ka4 Rxe5 54. Rf6+ Kd5 55. Rxg6 Ke4 56. Kb4 Kf4 57. Kc3 Re3+ 58. Kd2 Rg3 59.
Rf6+ Kg4 60. Rf2 Ra3 61. Ke1 Kg3 62. Rf3+ 1/2-1/2

[Event "16. Sombor open"]
[Site "?"]
[Date "2024.04.17"]
[Round "8.4"]
[White "Delija, Dragan"]
[Black "Stojakovic, Dusan"]
[Result "1/2-1/2"]
[WhiteElo "1893"]
[BlackElo "1775"]
[PlyCount "56"]
[EventDate "2024.04.01"]

1. d4 Nf6 2. c4 g6 3. Nc3 d5 4. Nf3 Bg7 5. cxd5 Nxd5 6. e4 Nxc3 7. bxc3 c5 8.
Qa4+ Bd7 9. Bb5 O-O 10. Bxd7 Nxd7 11. Be3 Nb6 12. Qb5 Rc8 13. O-O Qd7 14. Qxd7
Nxd7 15. Rac1 Nf6 16. e5 Nd5 17. Bd2 c4 18. Rb1 Rc7 19. Rb5 e6 20. Rfb1 b6 21.
a4 a6 22. R5b2 Rb8 23. Ne1 f6 24. Nf3 Kf7 25. Re1 Re7 26. exf6 Bxf6 27. Ne5+
Bxe5 28. Rxe5 Ree8 1/2-1/2

[Event "16. Sombor open"]
[Site "?"]
[Date "2024.04.17"]
[Round "8.5"]
[White "Mandaric, Petar"]
[Black "Bakula, Milan"]
[Result "1-0"]
[WhiteElo "1851"]
[BlackElo "1872"]
[PlyCount "74"]
[EventDate "2024.04.01"]

1. e4 d5 2. exd5 Qxd5 3. Nc3 Qd8 4. Bc4 e6 5. d4 c6 6. Be3 Nf6 7. h3 Bb4 8.
Nge2 b5 9. Bb3 a5 10. a3 Bxc3+ 11. bxc3 a4 12. Ba2 Nd5 13. Bd2 Qf6 14. c4 bxc4
15. Bxc4 Ba6 16. Bxa6 Rxa6 17. c4 Nb6 18. Bb4 N8d7 19. Rb1 Nxc4 20. O-O Ndb6
21. Bc5 Nd7 22. Qd3 Rb6 23. Qxc4 Rxb1 24. Rxb1 Qf5 25. Rb2 Nxc5 26. Qxc5 Qxc5
27. dxc5 Ke7 28. Rb7+ Kf6 29. Ra7 Ke5 30. Rxa4 Kd5 31. Ra5 Rb8 32. g3 g5 33.
Nc3+ Kc4 34. Ne4 f5 35. Nxg5 Kd3 36. Nxe6 Ke2 37. Kg2 h5 1-0

[Event "16. Sombor open"]
[Site "?"]
[Date "2024.04.17"]
[Round "8.7"]
[White "Babac, Zoran"]
[Black "Gajcin, Sinisa"]
[Result "1-0"]
[WhiteElo "1798"]
[BlackElo "1834"]
[PlyCount "82"]
[EventDate "2024.04.01"]

1. b3 c5 2. Bb2 Nf6 3. c4 g6 4. g3 Bg7 5. Bg2 Nc6 6. Nf3 O-O 7. O-O d6 8. d3 d5
9. cxd5 Nxd5 10. Bxg7 Kxg7 11. Qc2 b6 12. Nc3 e6 13. Nxd5 exd5 14. Qb2+ Kg8 15.
d4 Qf6 16. e3 Bf5 17. Ne5 Nxe5 18. dxe5 Qe6 19. Rfd1 Rfd8 20. Rd2 Bh3 21. Bxh3
Qxh3 22. Rad1 Qe6 23. e4 d4 24. f4 g5 25. Rd3 gxf4 26. gxf4 Kh8 27. Rg3 Rg8 28.
Qg2 Rxg3 29. hxg3 Rg8 30. Kf2 a5 31. Rh1 c4 32. Qh3 Qxh3 33. Rxh3 c3 34. Ke2
Rc8 35. Rh1 Kg7 36. Kd3 Rd8 37. b4 Kg6 38. g4 h6 39. Rh5 Rc8 40. f5+ Kg7 41.
Rh1 Rd8 {NECITKO!} 1-0

[Event "16. Sombor open"]
[Site "?"]
[Date "2024.04.17"]
[Round "8.8"]
[White "Sasic, Miodrag"]
[Black "Kokai, Lea"]
[Result "1-0"]
[WhiteElo "1747"]
[BlackElo "1575"]
[PlyCount "62"]
[EventDate "2024.04.01"]

1. e4 e5 2. Nf3 Nc6 3. Bc4 Nf6 4. d4 exd4 5. e5 d5 6. exf6 dxc4 7. O-O Qxf6 8.
Re1+ Be7 9. Bg5 Qd6 10. Bxe7 Nxe7 11. Nxd4 O-O 12. Nc3 Ng6 13. Ncb5 Qd7 14. Na3
c5 15. Ndb5 Qxd1 16. Raxd1 Be6 17. Nc7 Rac8 18. Nxe6 fxe6 19. Nxc4 Rce8 20. Rd7
Rf7 21. Rxf7 Kxf7 22. Nd6+ Ke7 23. Nxe8 Kxe8 24. Rxe6+ Kf7 25. Re4 Kf6 26. f3
Kf5 27. Kf2 h5 28. g3 Kf6 29. b4 b6 30. bxc5 bxc5 31. Rc4 Ke6 1-0

[Event "16. Sombor open"]
[Site "?"]
[Date "2024.04.17"]
[Round "8.10"]
[White "Basaric, Ana"]
[Black "Radisic, Andjelija"]
[Result "1-0"]
[WhiteElo "1580"]
[BlackElo "1456"]
[PlyCount "47"]
[EventDate "2024.04.01"]

1. e4 d5 2. exd5 Qxd5 3. Nc3 Qd6 4. Nf3 Nf6 5. d4 h6 6. Nb5 Qd8 7. c4 c6 8. Nc3
Bf5 9. Bf4 e6 10. Be2 Bd6 11. Bxd6 Qxd6 12. h3 O-O 13. O-O Qc7 14. Rc1 Rd8 15.
Qb3 Nbd7 16. Rfd1 Nb6 17. d5 Qe7 18. dxc6 bxc6 19. a4 Rxd1+ 20. Rxd1 Rd8 21.
Nd4 Qc5 22. Nxf5 Rxd1+ 23. Qxd1 Qxf5 24. Qd8+ 1-0

[Event "16. Sombor open"]
[Site "?"]
[Date "2024.04.17"]
[Round "8.11"]
[White "Rajic, Dijana"]
[Black "Plavsic, Nikola"]
[Result "1-0"]
[WhiteElo "1551"]
[BlackElo "1542"]
[PlyCount "69"]
[EventDate "2024.04.01"]

1. e4 e5 2. Nf3 Nc6 3. Bc4 h6 4. d4 d6 5. h3 f5 6. exf5 Bxf5 7. Bb5 Nge7 8. d5
a6 9. Bxc6+ bxc6 10. dxc6 Nxc6 11. c3 Be6 12. Qe2 Kd7 13. Nbd2 Be7 14. Nc4 Bf6
15. O-O Qg8 16. b3 g5 17. Rd1 Be7 18. Nfxe5+ Nxe5 19. Nxe5+ Ke8 20. Qh5+ Bf7
21. Nxf7 Qxf7 22. Qxf7+ Kxf7 23. Bb2 Bf6 24. Rd2 h5 25. c4 Bxb2 26. Rxb2 Rae8
27. Rd1 g4 28. h4 Re6 29. Rd5 Rb8 30. Rxh5 Kg6 31. Rg5+ Kh6 32. Rxg4 Kh5 33.
Rf4 Rg8 34. g3 c5 35. Kg2 1-0

[Event "16. Sombor open"]
[Site "?"]
[Date "2024.04.19"]
[Round "9.1"]
[White "Stojkovic, Andreja"]
[Black "Mandaric, Petar"]
[Result "1-0"]
[WhiteElo "1845"]
[BlackElo "1851"]
[PlyCount "35"]
[EventDate "2024.04.01"]

1. e4 e5 2. Nf3 Nc6 3. Bb5 Bc5 4. O-O d6 5. c3 Bd7 6. d3 h6 7. Nbd2 Qe7 8. Re1
O-O-O 9. a4 a6 10. Bc4 g6 11. b4 Ba7 12. b5 a5 13. bxc6 Bxc6 14. Bb5 f5 15.
Bxc6 bxc6 16. Nc4 Kd7 17. Ba3 Ke6 18. Nfxe5 1-0

[Event "16. Sombor open"]
[Site "?"]
[Date "2024.04.19"]
[Round "9.2"]
[White "Matkovic, Simana"]
[Black "Novakovic, Aleksandar"]
[Result "1-0"]
[WhiteElo "1948"]
[BlackElo "1981"]
[PlyCount "83"]
[EventDate "2024.04.01"]

1. d4 c5 2. d5 e6 3. e4 Nf6 4. Nc3 d6 5. Bb5+ Nbd7 6. a4 a6 7. Be2 exd5 8. exd5
g6 9. Nf3 Bg7 10. O-O O-O 11. Bf4 Qc7 12. a5 b5 13. axb6 Nxb6 14. Bg3 Bb7 15.
Ng5 Rfe8 16. Bf3 h6 17. Nge4 Nxe4 18. Nxe4 Nc4 19. c3 f5 20. Nd2 Ne5 21. Bxe5
Rxe5 22. Nc4 Re7 23. Qd2 Rae8 24. Na5 Bc8 25. Nc6 Rf7 26. Rfe1 Ref8 27. Be2 f4
28. f3 Qb6 29. Bc4 Kh7 30. Ne7 Bb7 31. Qc2 Rf6 32. Kh1 Bc8 33. Nxc8 Rxc8 34.
Rxa6 Qb7 35. Raa1 Rb8 36. Re2 Kg8 37. Rae1 g5 38. b3 Rbf8 39. Re7 Qc8 40. Qe4
g4 41. Bd3 Rf5 42. fxg4 1-0

[Event "16. Sombor open"]
[Site "?"]
[Date "2024.04.19"]
[Round "9.3"]
[White "Knezevic, Janko"]
[Black "Beslin, Igor"]
[Result "1-0"]
[WhiteElo "1904"]
[BlackElo "1954"]
[PlyCount "107"]
[EventDate "2024.04.01"]

1. e4 c5 2. Nf3 d6 3. d4 cxd4 4. Nxd4 Nf6 5. Nc3 g6 6. Bc4 Bg7 7. Be3 O-O 8. f3
Nc6 9. Qd2 Bd7 10. g4 Rc8 11. Nxc6 Bxc6 12. Bb3 b5 13. h4 h5 14. gxh5 Nxh5 15.
Rg1 e6 16. O-O-O b4 17. Na4 a5 18. Qxd6 Qe8 19. Nb6 Rd8 20. Qxd8 Qxd8 21. Rxd8
Rxd8 22. Ba4 Bxa4 23. Nxa4 Be5 24. Rd1 Ra8 25. Bb6 Bf6 26. Bf2 Nf4 27. Nb6 Ra6
28. Nd7 Be7 29. Be3 Nh5 30. Bg5 f6 31. Be3 Rc6 32. Nb8 Rc8 33. Rd7 Kf7 34. Rb7
Ke8 35. Na6 Rc6 36. Rb6 Rc8 37. Rxe6 Kf7 38. Rb6 Ng3 39. Rb5 Bd8 40. Nc5 Nf1
41. Bf4 g5 42. hxg5 fxg5 43. Be5 Be7 44. Nd3 Ne3 45. c3 Rd8 46. Bd4 bxc3 47.
Ne5+ Ke6 48. Bxe3 cxb2+ 49. Kxb2 Bf6 50. f4 Rd3 51. Rb6+ Ke7 52. Rxf6 Rxe3 53.
fxg5 Rxe4 54. Ng6+ 1-0

[Event "16. Sombor open"]
[Site "?"]
[Date "2024.04.19"]
[Round "9.5"]
[White "Lalic, Miroslav"]
[Black "Babac, Zoran"]
[Result "1-0"]
[WhiteElo "1945"]
[BlackElo "1798"]
[PlyCount "139"]
[EventDate "2024.04.01"]

1. e4 c5 2. Bc4 Nc6 3. a3 a6 4. Nf3 e6 5. O-O d5 6. exd5 exd5 7. Ba2 Be7 8. d4
c4 9. c3 Nf6 10. h3 O-O 11. Re1 Re8 12. Bf4 Ne4 13. Nbd2 Bf5 14. Nf1 Bd6 15.
Qc1 Bxf4 16. Qxf4 Qf6 17. Ne3 Be6 18. Qh2 Ng5 19. Nxg5 Qxg5 20. Bb1 Ne7 21. Bc2
Ng6 22. Bxg6 Qxg6 23. Re2 Bf5 24. Ree1 Be4 25. Ng4 f6 26. Rac1 h5 27. Ne3 f5
28. Qf4 Rad8 29. f3 Bd3 30. Rcd1 Qf6 31. h4 Qd6 32. Qxd6 Rxd6 33. g3 g6 34. Kf2
Kf7 35. b4 b5 36. Ng2 Bc2 37. Rxe8 Bxd1 38. Re5 a5 39. Ne3 Bb3 40. Nxd5 axb4
41. axb4 Ra6 42. Ke3 Ra1 43. Kf4 Rf1 44. Ne3 Rc1 45. Nd5 Rf1 46. Re7+ Kf8 47.
Re3 Kf7 48. Kg5 Bd1 49. Re7+ Kf8 50. f4 Bf3 51. Re5 Bxd5 52. Rxd5 Rf3 53. Kxg6
Rxc3 54. Rxf5+ Ke7 55. Rxb5 Rxg3+ 56. Kxh5 Rb3 57. Kg4 c3 58. Rc5 Rxb4 59. Rxc3
Rxd4 60. Rc6 Kf7 61. Kg5 Rd7 62. h5 Kg7 63. f5 Rf7 64. f6+ Kh7 65. Re6 Rf8 66.
Re7+ Kh8 67. h6 Rg8+ 68. Kf5 Rf8 69. f7 Kh7 70. Kf6 1-0

[Event "16. Sombor open"]
[Site "?"]
[Date "2024.04.19"]
[Round "9.6"]
[White "Bakula, Milan"]
[Black "Delija, Dragan"]
[Result "0-1"]
[WhiteElo "1872"]
[BlackElo "1893"]
[PlyCount "76"]
[EventDate "2024.04.01"]

1. c4 c5 2. Nc3 Nc6 3. e3 Nf6 4. d4 cxd4 5. exd4 d5 6. b4 Nxb4 7. Qa4+ Nc6 8.
Nf3 dxc4 9. Bxc4 Bd7 10. O-O e6 11. Qd1 Bb4 12. Qd3 Bxc3 13. Qxc3 O-O 14. Bg5
Rc8 15. Qe3 Re8 16. Ne5 Nb4 17. Bxf6 gxf6 18. Qg3+ Kf8 19. Nxd7+ Qxd7 20. Be2
Nc2 21. Rad1 Nxd4 22. Qe3 Nxe2+ 23. Qxe2 Qc6 24. Qb2 Kg7 25. h4 Red8 26. Qb3
Rxd1 27. Rxd1 b5 28. Qg3+ Kh8 29. Qf4 e5 30. Qf5 a5 31. h5 Rg8 32. g4 Rg5 33.
Rd8+ Kg7 34. Qc8 Qxc8 35. Rxc8 Rxg4+ 36. Kh2 Ra4 37. Kg3 Rxa2 38. Kf3 a4 0-1

[Event "16. Sombor open"]
[Site "?"]
[Date "2024.04.19"]
[Round "9.7"]
[White "Basaric, Ana"]
[Black "Djurosev, Djordje"]
[Result "0-1"]
[WhiteElo "1580"]
[BlackElo "1694"]
[PlyCount "106"]
[EventDate "2024.04.01"]

1. Nf3 d5 2. d4 Nf6 3. e3 Bg4 4. h3 Bh5 5. c4 e6 6. a3 c5 7. Nc3 Nc6 8. cxd5
exd5 9. Be2 cxd4 10. exd4 Bd6 11. Bd2 O-O 12. O-O Re8 13. Re1 a6 14. Qc1 Rc8
15. Bf4 Bxf3 16. Bxd6 Bxe2 17. Nxe2 Qxd6 18. Qd1 Re6 19. Qd2 Rce8 20. b4 Qe7
21. Ra2 Re4 22. Kf1 Nxd4 23. f3 Nxe2 24. fxe4 Ng3+ 25. Kg1 Ngxe4 26. Qd3 Qd6
27. Rae2 Qb6+ 28. Kf1 h6 29. g4 Qd6 30. Kg2 Rc8 31. Rxe4 Qc6 32. R4e2 d4+ 33.
Kg1 Qc3 34. Qf5 Rd8 35. Rc2 Qg3+ 36. Kf1 Qxh3+ 37. Kf2 Nxg4+ 38. Kg1 Qg3+ 39.
Kf1 Ne3+ 40. Rxe3 Qxe3 41. Rc8 Qe8 42. Rc1 d3 43. Qf2 Rd6 44. Qd2 Qe5 45. Rc3
Rf6+ 46. Kg1 Qg3+ 47. Qg2 Qe1+ 48. Kh2 Qxc3 49. Qxb7 Qc2+ 50. Kh3 Qf2 51. Qa8+
Kh7 52. Qe4+ g6 53. Qe5 Re6 0-1

[Event "16. Sombor open"]
[Site "?"]
[Date "2024.04.19"]
[Round "9.9"]
[White "Kelic, Dusan"]
[Black "Rajic, Dijana"]
[Result "1/2-1/2"]
[WhiteElo "1694"]
[BlackElo "1551"]
[PlyCount "41"]
[EventDate "2024.04.01"]

1. e4 c5 2. Nf3 Nc6 3. d4 cxd4 4. Nxd4 g6 5. Nxc6 bxc6 6. Qd4 f6 7. Bc4 Qa5+ 8.
Bd2 Qe5 9. Qxe5 fxe5 10. Bxg8 Rxg8 11. O-O d5 12. exd5 cxd5 13. Nc3 e6 14. Nb5
Rg7 15. Rfe1 Rb8 16. Nc3 Rxb2 17. Rxe5 Rxc2 18. Rd1 Bd6 19. Ree1 Bd7 20. Nxd5
Kd8 21. Ba5+ 1/2-1/2

[Event "16. Sombor open"]
[Site "?"]
[Date "2024.04.19"]
[Round "9.11"]
[White "Kokai, Lea"]
[Black "Plavsic, Nikola"]
[Result "1-0"]
[WhiteElo "1575"]
[BlackElo "1542"]
[PlyCount "63"]
[EventDate "2024.04.01"]

1. e4 b6 2. d4 Bb7 3. Nc3 Nf6 4. Bd3 d6 5. Nf3 Nbd7 6. O-O e5 7. dxe5 dxe5 8.
Qe2 h6 9. Rd1 Bd6 10. Bc4 Nc5 11. Nxe5 Qe7 12. Bb5+ Kf8 13. Nc6 Bxc6 14. Bxc6
Rd8 15. b4 Ncd7 16. a3 Be5 17. Bb2 Nb8 18. Rxd8+ Qxd8 19. Bb7 Qe7 20. Rd1 c6
21. Ba6 Nxa6 22. Qxa6 Bxc3 23. Bxc3 Qxe4 24. Re1 Qf5 25. Qxa7 g6 26. Qxb6 Kg7
27. Qxc6 Rc8 28. Bxf6+ Kh7 29. Qb7 Rf8 30. Bd4 g5 31. Qe4 Qxe4 32. Rxe4 1-0